000 00627nam a2200193Ia 4500
003 GCL
008 140319s9999 xx 000 0 ara d
040 _aGCL /
_cGCL
082 0 4 _a809.01
_bس ك
100 1 _aسيد كريم
245 1 0 _aالكاتب المصرى وروائع القصص العالمى /
_cسيد كريم
260 _aالقاهرة :
_bالهيئة المصرية العامة للكتاب ،
_c1994
300 _a206 ص
490 _a
650 0 4 _aالادب المصرى القديم
650 0 4 _aالحضارة الفرعونية
650 0 4 _aالحضارة المصرية
942 _2ddc
_cBK
999 _c36159
_d36159